[Event "Feffernitz Raika op 08th"]
[Site "Feffernitz"]
[Date "1999.08.15"]
[Round "1.14"]
[White "Benda, Herbert"]
[Black "Aigner, Reinhold"]
[Result "1-0"]
[WhiteElo "2210"]
[BlackElo "1746"]
[PlyCount "103"]
[EventDate "1999.08.??"]
[EventType "swiss"]
[EventRounds "9"]
[EventCountry "AUT"]
[SourceTitle "EXT 2004"]
[Source "ChessBase"]
[SourceDate "2003.11.25"]
[SourceVersion "1"]
[SourceVersionDate "2003.11.25"]
[SourceQuality "1"]

1. e4 e6 2. d4 d5 3. Nc3 Nf6 4. Bg5 Be7 5. e5 Nfd7 6. Bxe7 Qxe7 7. Qg4 0-0 8. f4 f5 9. Qg3 a6 10. Nd1 c5 11. c3 cxd4 12. cxd4 Nc6 13. Qc3 Qb4 14. Nf3 h6 15. Bd3 Nb6 16. a3 Qxc3+ 17. bxc3 Na5 18. Ne3 Bd7 19. Rb1 Na4 20. c4 dxc4 21. Nxc4 Nxc4 22. Bxc4 b5 23. Bb3 Nb6 24. Rc1 Rac8 25. Kd2 Rxc1 26. Rxc1 Rc8 27. Rc5 Kf7 28. h3 Bc6 29. Ke3 Bb7 30. g3 Ke7 31. Nd2 Kd7 32. Kd3 g5 33. Rxc8 Bxc8 34. fxg5 hxg5 35. h4 gxh4 36. gxh4 Ke7 37. Ke3 a5 38. Kf4 b4 39. axb4 axb4 40. Nf1 Bb7 41. h5 Bd5 42. Nd2 Kf7 43. Kg5 Bxb3 44. Nxb3 Nd5 45. Nc5 f4 46. Kg4 Kg7 47. Nxe6+ Kh6 48. Nc5 f3 49. Kxf3 Kxh5 50. Ke4 Ne7 51. d5 Kg6 52. d6 1-0